New rate relief cold shoulder (Record no. 67483)

MARC details
000 -LEADER
fixed length control field 00853cam a2200217 4500
001 - CONTROL NUMBER
control field WB3725-31
008 - FIXED-LENGTH DATA ELEMENTS--GENERAL INFORMATION
fixed length control field 000000n2001 000 0 eng u
035 ## - SYSTEM CONTROL NUMBER
System control number (Sirsi) u113282
245 ## - TITLE STATEMENT
Title New rate relief cold shoulder
260 ## - PUBLICATION, DISTRIBUTION, ETC.
Date of publication, distribution, etc. 2001
490 ## - SERIES STATEMENT
Series statement Farmers Guardian
Volume/sequential designation 22 June 2001, 22(1)
520 ## - SUMMARY, ETC.
Summary, etc. The CLA warns that many farm diversification projects will not be eligible for rate relief under the Rating (Former Agricultural Premises and Rural Shops) Act 2001. The relief will only be granted on property with a rateable value of up to £6,000 which means new business ventures may miss out.
590 ## - LOCAL NOTE (RLIN)
Local note WB
650 ## - SUBJECT ADDED ENTRY--TOPICAL TERM
Topical term or geographic name entry element DIVERSIFICATION
650 ## - SUBJECT ADDED ENTRY--TOPICAL TERM
Topical term or geographic name entry element RURAL BUSINESSES
650 ## - SUBJECT ADDED ENTRY--TOPICAL TERM
Topical term or geographic name entry element RATE RELIEF
650 ## - SUBJECT ADDED ENTRY--TOPICAL TERM
Topical term or geographic name entry element RATING (FORMER AGRICULTURAL PREMISES AND RURAL SHOPS) ACT 2001
650 ## - SUBJECT ADDED ENTRY--TOPICAL TERM
Topical term or geographic name entry element CLA
690 ## - LOCAL SUBJECT ADDED ENTRY--TOPICAL TERM (OCLC, RLIN)
Topical term or geographic name as entry element Rural
9 (RLIN) 6268
942 ## - ADDED ENTRY ELEMENTS (KOHA)
Suppress in OPAC 0
Holdings
Withdrawn status Lost status Source of classification or shelving scheme Damaged status Not for loan Home library Current library Shelving location Date acquired Total Checkouts Full call number Barcode Date last seen Copy number Price effective from Koha item type
    Dewey Decimal Classification     London London News article 26/06/2001   WB3725-31 113282-1001 06/08/2019 1 06/08/2019 News article